000 00656cam a22002651a 4500
999 _c25576
_d25576
001 YPZ95742
003 YPZ
005 20210609192716.0
008 120810|###########||||||b||||||||||spa|d
020 _a9505820976
040 _cSIUNPA
041 _aspa
044 _aag
080 _a364.442.2 F363p4
100 _aFernández, Arturo.
245 _aPolíticas sociales y trabajo social
250 _a4a ed.
260 _aBuenos Aires
_b : Hvmanitas
_c , 1992
300 _a192 p.
490 _a(Colección desarrollo social)
650 _a TRABAJO SOCIAL
650 _a POLITICAS SOCIALES
700 _aRozas, Margarita.
942 _cBK
_2udc